| 000 | 00531nam a2200193 a 4500 | ||
|---|---|---|---|
| 005 | 20210223121258.0 | ||
| 008 | 991125s1992 ag 000 0 spa u | ||
| 020 | _a9095583 | ||
| 035 | _aUPN01000014908 | ||
| 049 | _aCG | ||
| 050 | 4 |
_aLC4019 _bS2.4 |
|
| 100 | 1 | _aScimo, Marisa Lucía | |
| 245 | 1 | 0 |
_aDiagnóstico y atención escolar de los zurdos / _cMarisa Lucía Scimo. |
| 260 |
_aBuenos Aires : _bBraga, _c1992. |
||
| 300 | _a132 p. | ||
| 440 | 0 | _aDidáctica operativa | |
| 650 | 4 |
_aDESTREZA MANUAL _912833 |
|
| 905 | _aLibro | ||
| 999 |
_c14908 _d14908 |
||